Trendy v 5G sieťach - konfigurácia NB-IoT uzla

Gespeichert in:
Bibliographische Detailangaben
1. Verfasser: Výboh, Matej (Verfasst von)
Weitere Verfasser: Páleník, Tomáš (Betreuung Doktorarbeit)
Format: Manuskript Buch
Sprache:Slowakisch
Veröffentlicht: Bratislava : STU v Bratislave FEI, 2023
Schlagworte:
Online-Zugang:https://opac.crzp.sk/?fn=detailBiblioFormChildKCSDO&sid=EC7951772ACC837B5F79C7A56A1E&seo=CRZP-detail-kniha
Tags: Tag hinzufügen
Keine Tags, Fügen Sie das erste Tag hinzu!

MARC

LEADER 00000ntm a22000003a 4500
001 stuzp92088
003 SK-STU
005 20241127120731.0
007 ta
008 150427s2015----xo-----f-mn---000-0-slo-d
040 |a STU  |b slo 
041 0 |a slo 
044 |a xo 
100 1 |a Výboh, Matej  |u 037000  |4 aut  |U FEI Fakulta elektrotechniky a informatiky  |T FEI Ústav multimediálnych informačných a komunikačných technológií  |X 98293  |U E070  |Y 818  |7 98293 
242 0 1 |a Trends in 5G networks - configuring an NB-IoT node  |y eng 
245 1 0 |a Trendy v 5G sieťach - konfigurácia NB-IoT uzla 
260 |a Bratislava :  |b STU v Bratislave FEI,  |c 2023 
300 |a 75 s. 
650 4 |a 5G  |2 slo 
650 4 |a Internet vecí  |2 slo 
650 4 |a Python  |2 slo 
650 4 |a NB-IoT  |2 slo 
650 4 |a OpenRAN  |2 slo 
650 4 |a 5G  |2 eng 
650 4 |a Internet of Things  |2 eng 
650 4 |a NB-IoT  |2 eng 
650 4 |a OpenRAN  |2 eng 
650 4 |a Python  |2 eng 
700 1 |a Páleník, Tomáš  |u 037000  |k Z1  |4 ths  |U FEI Fakulta elektrotechniky a informatiky  |T FEI Ústav multimediálnych informačných a komunikačných technológií  |X 19622  |U E070  |Y 818  |7 A000019622 
856 4 |u https://opac.crzp.sk/?fn=detailBiblioFormChildKCSDO&sid=EC7951772ACC837B5F79C7A56A1E&seo=CRZP-detail-kniha